NBA Nicknames - Statistics

General Stats
  • This quiz has been taken 28 times
  • The average score is 25 of 43
Answer Stats
Hint Answer % Correct
Kobe Bryant Black Mamba
88%
Julius Erving Dr J
88%
Giannis The Greek Freak
88%
Karl Malone The Mailman
88%
Chris Anderson Birdman
82%
Anthony Davis The Brow
82%
Gary Payton The Glove
82%
Nikola Jokic Joker
76%
Lebron James King James
76%
Carmelo Anthony Melo
76%
Pete Maravich Pistol Pete
76%
David Robinson The Admiral
76%
Karl-Anthony Towns KAT
71%
Micheal Jordan Air Jordan
65%
Chris Paul CP3
65%
Dwayne Wade D-Wade
65%
James Harden The Beard
65%
Shaquille Oneal The Diesel
65%
Kyrie Irving Uncle Drew
65%
Demarcus Cousins Boogie
59%
Devin Booker DBook
59%
Ray Allen Jesus Shuttlesworth
59%
Kentavious Caldwell-Pope KCP
59%
Steph Curry Splash Bro
59%
Klay Thompson Splash Bro
59%
Wilt Chamberlain Wilt the Stilt
59%
Oscar Robertson The Big O
53%
Kawhi leonard The Claw
53%
Joel Embiid The process
53%
Damian Lillard Dame Time
47%
Trae Young Ice Trae
47%
Alex Caruso The Goat
47%
Kevin Durant The Slim Reaper
47%
Jimmy Butler Jimmy Buckets
41%
Donavan Mitchell Spida
41%
Rik Smits The Dunking Dutchman
35%
Charles Barkley Sir Charles
29%
Ja Morant Black Jesus
24%
Jonathan Kuminga The Kum Bucket
24%
Ben Simmons Ben 10
18%
Bill Russell Mr. 11 Rings
18%
Manute Bol The One-Manute Man
18%
Jayson Tatum The Problem
18%
No matching quizzes found
Score Distribution
Percent of People with Each Score
Percentile by Number Answered
Your Score History
You have not taken this quiz